Normal view
MARC view
Entry Topical Term
001 - CONTROL NUMBER
- control field: 3471
003 - CONTROL NUMBER IDENTIFIER
- control field: OSt
005 - DATE AND TIME OF LATEST TRANSACTION
- control field: 20110505095732.0
008 - FIXED-LENGTH DATA ELEMENTS
- fixed length control field: 110505|||a|||||| | ||| d
040 ## - CATALOGING SOURCE
- Original cataloging agency: OSt
- Transcribing agency: OSt
150 ## - HEADING--TOPICAL TERM
- Topical term or geographic name as entry element: Law reports, digests, etc.
- Geographic subdivision: Great Britain.
670 ## - SOURCE DATA FOUND
- Source citation: Work cat.: (OSt)0: The Law reports 1899 Vol. 2 / Cases determined by the Queen's Bench Division and by the Common Pleas and Exchequer divisions of the High Court of Justice, and by the Court of Appeal on appeal therefrom, and by the Court for Crown Cases Reserved., 1974.
